000
00250nam a2200121Ia 4500
100
_a
None
942
_c
BK
654
_a
Design Einrichtungen
245
_a
Design Einrichtungen
260
_b
none
_a
Germany
_c
1988
300
_a
115
546
_a
ENGLISH
999
_c
30003
_d
30003